000 00689nam a2200265Ia 4500
005 20260121170905.0
008 008 260114s9999 xx 000 0 eng d
020 _a9789811310171
037 _aEBOOK
040 _aCRL
040 _beng
040 _cCRL
041 _2eng
041 _aeng
084 _qCRL
100 _aPremilla D'Cruz, Ernesto Noronha, Avina Mendonca, Nidhi Mishra
_91069435
245 0 _aIndian Perspectives on Workplace Bullying
260 _bSpringer
260 _bSpringer
260 _c2018
856 _uhttps://link.springer.com/openurl?genre=book&isbn=978-981-13-1017-1
942 _cEBOOK
999 _c1635165
_d1635165